Southville International School and Colleges
Your cart is empty.
  • Cart
  • Lists
    Public lists Eva Luna New books Lux_list list_1
    Your lists Log in to create your own lists
  • Log in to your account
  • Your cookies
  • Search history
Southville International School and Colleges
  • Advanced search
  • Recent comments
  • Most popular
  • Libraries

Log in to your account

Log in with GOOGLE


If you do not have an external account, but do have a local account, you can still log in:

  1. Home
  2. MARC view: Night Science for kids :
Normal view MARC view ISBD view

Night Science for kids : (Record no. 105525)

[ view plain ]
MARC details
000 -LEADER
fixed length control field 00509nam a2200169 a 4500
005 - DATE AND TIME OF LATEST TRANSACTION
control field 20140412111404.0
008 - FIXED-LENGTH DATA ELEMENTS--GENERAL INFORMATION
fixed length control field 070330s19uu xx 00 eng d
020 ## - INTERNATIONAL STANDARD BOOK NUMBER
International Standard Book Number 1-57990-411-4
050 ## - LIBRARY OF CONGRESS CALL NUMBER
Classification number REF 591.5'18
Item number K78 2003
100 ## - MAIN ENTRY--PERSONAL NAME
Personal name Krautwurst, Terry
245 ## - TITLE STATEMENT
Title Night Science for kids :
Remainder of title Exploring the world after dark /
Statement of responsibility, etc Terry Krautwurst.
260 ## - PUBLICATION, DISTRIBUTION, ETC. (IMPRINT)
Place of publication, distribution, etc China :
Name of publisher, distributor, etc Lark books,
Date of publication, distribution, etc 2003.
300 ## - PHYSICAL DESCRIPTION
Extent 144
650 ## - SUBJECT ADDED ENTRY--TOPICAL TERM
Topical term or geographic name as entry element Night-Juvenile literature
650 ## - SUBJECT ADDED ENTRY--TOPICAL TERM
Topical term or geographic name as entry element Science-Juvenile literature
Holdings
Withdrawn status Lost status Damaged status Home library Current library Shelving location Date acquired Source of acquisition Total Checkouts Full call number Barcode Date last seen Price effective from Koha item type
      Elizalde Library Elizalde Library Reference Section 03/30/2007     REF 591.5'18 K78 2003 E10292 04/12/2014 04/12/2014 Books

Night Science for kids :

APA

Krautwurst T., . (2003). Night Science for kids. China: Lark books.

Chicago

Krautwurst Terry, . 2003. Night Science for kids. China: Lark books.

Harvard

Krautwurst T., . (2003). Night Science for kids. China: Lark books.

MLA

Krautwurst Terry, . Night Science for kids. China: Lark books. 2003.

  • Place hold
  • Print
  • Cite
  • Add to your cart (remove)
  • Save record
    BIBTEX Dublin Core MARCXML MARC (non-Unicode/MARC-8) MARC (Unicode/UTF-8) MARC (Unicode/UTF-8, Standard) MODS (XML) RIS
  • More searches
    Search for this title in:
    Other Libraries (WorldCat) Other Databases (Google Scholar) Online Stores (Bookfinder.com) Open Library (openlibrary.org)

Exporting to Dublin Core...

SOUTHVILLE LIBRARY

Southville International School and Colleges Library

1281 Tropical Ave. Cor. Luxembourg St., BF Homes International, Las Pinas City

Tel. No. 8256374 / 252358 Loc. 117/146

Powered by Koha